00551nmm a2200169Ia 4500008004100000020001500041041000800056100001700064245008500081264006900166300001800235490002200253650003200275856005000307942000700357999001700364251105s9999||||xx |||||||||||||||||und|| a8477338191 aspa aLains, Pedro 0aLos progresos del atraso : una nueva historia económica de Portugal, 1842-1992 a[Madrid, España] :bPrensas Universitarias de Zaragoza, c2006 a304 páginas aCiencias sociales aHistory of Europe: Portugal uhttps://public.digitaliapublishing.com/a/2154 cCF c73416d73416